Rate tables for use in checking pay-roll records, (Record no. 36282)

MARC details
000 -LEADER
fixed length control field 00847cam a22002171 4500
001 - CONTROL NUMBER
control field l 39000011
003 - CONTROL NUMBER IDENTIFIER
control field DLC
005 - DATE AND TIME OF LATEST TRANSACTION
control field 20260227111536.0
008 - FIXED-LENGTH DATA ELEMENTS--GENERAL INFORMATION
fixed length control field 800118s1939 dcu 000 0 eng c
010 ## - LIBRARY OF CONGRESS CONTROL NUMBER
LC control number l 39000011
035 ## - SYSTEM CONTROL NUMBER
System control number (OCoLC)5885564
040 ## - CATALOGING SOURCE
Original cataloging agency U.S. Dept. of Labor. Libr.
Transcribing agency TxU
Modifying agency TxU
-- OCoLC
-- DLC
042 ## - AUTHENTICATION CODE
Authentication code premarc
050 00 - LIBRARY OF CONGRESS CALL NUMBER
Classification number HF5705
Item number .U5 1939
110 1# - MAIN ENTRY--CORPORATE NAME
Corporate name or jurisdiction name as entry element United States.
Subordinate unit Department of Labor.
-- Wage and Hour Division.
245 10 - TITLE STATEMENT
Title Rate tables for use in checking pay-roll records,
Remainder of title to determine compliance with the wage and hour provisions of the Fair labor standards act of 1938.
Statement of responsibility, etc. U. S. Department of Labor. Wage and Hour Division.
260 ## - PUBLICATION, DISTRIBUTION, ETC.
Place of publication, distribution, etc. Washington,
Name of publisher, distributor, etc. U.S. Govt. Print. Off.,
Date of publication, distribution, etc. 1939.
300 ## - PHYSICAL DESCRIPTION
Extent iii, 87, [16] p.
Dimensions 30 cm.
500 ## - GENERAL NOTE
General note Blank pages for "Memoranda" ([16] at end)
650 #0 - SUBJECT ADDED ENTRY--TOPICAL TERM
Topical term or geographic name entry element Wages
General subdivision Tables.

No items available.

Powered by Koha